000 00537nam a2200193Ia 4500
003 GCL
008 140319s9999 xx 000 0 ara d
040 _aGCL /
_cGCL
082 0 4 _a813.03
_bت ع
100 1 _aتوفيق الحكيم
245 1 0 _aعهد الشيطان /
_cتوفيق الحكيم
250 _aالاولى
260 _aبيروت :
_bدار الكتب اللبنانى ،
_c1984
300 _a158 ص ؛
_c19 سم
490 _a
650 0 4 _aالادب العربى
650 0 4 _aالقصص
942 _2ddc
_cBK
999 _c32444
_d32444